<?xml version="1.0" encoding="UTF-8"?>
<record
    xmlns:xsi="http://www.w3.org/2001/XMLSchema-instance"
    xsi:schemaLocation="http://www.loc.gov/MARC21/slim http://www.loc.gov/standards/marcxml/schema/MARC21slim.xsd"
    xmlns="http://www.loc.gov/MARC21/slim">

  <leader>02813nam a2200277 a 4500</leader>
  <controlfield tag="001">000015168</controlfield>
  <controlfield tag="005">20240409073638.0</controlfield>
  <controlfield tag="008">100202t2008    dr ach        001 0 spa d</controlfield>
  <datafield tag="020" ind1=" " ind2=" ">
    <subfield code="a">9789993429456</subfield>
  </datafield>
  <datafield tag="040" ind1=" " ind2=" ">
    <subfield code="a">DO-SdBNP</subfield>
    <subfield code="b">spa</subfield>
    <subfield code="c">BNPHU</subfield>
  </datafield>
  <datafield tag="082" ind1=" " ind2=" ">
    <subfield code="a">384.54065</subfield>
    <subfield code="b">C697r</subfield>
  </datafield>
  <datafield tag="100" ind1="1" ind2=" ">
    <subfield code="a">Collado, Lipe,</subfield>
    <subfield code="d">1947-</subfield>
    <subfield code="9">79819</subfield>
  </datafield>
  <datafield tag="245" ind1="1" ind2="0">
    <subfield code="a">Radio Caribe :</subfield>
    <subfield code="b">en la Era de Trujillo /</subfield>
    <subfield code="c">Lipe Collado.</subfield>
  </datafield>
  <datafield tag="260" ind1=" " ind2=" ">
    <subfield code="a">Santo Domingo :</subfield>
    <subfield code="b">Collado,</subfield>
    <subfield code="c">2008.</subfield>
  </datafield>
  <datafield tag="300" ind1=" " ind2=" ">
    <subfield code="a">318 p. :</subfield>
    <subfield code="b">il., facs&#xED;ms., retrs. ;</subfield>
    <subfield code="c">24 cm.</subfield>
  </datafield>
  <datafield tag="500" ind1=" " ind2=" ">
    <subfield code="a">Incluye &#xED;ndice onom&#xE1;stico.</subfield>
  </datafield>
  <datafield tag="500" ind1=" " ind2=" ">
    <subfield code="a">Incluye datos biogr&#xE1;ficos del autor en la solapa.</subfield>
  </datafield>
  <datafield tag="500" ind1=" " ind2=" ">
    <subfield code="a">Incluye bibliograf&#xED;a y notas al pie de p&#xE1;ginas.</subfield>
  </datafield>
  <datafield tag="504" ind1=" " ind2=" ">
    <subfield code="a">Bibliograf&#xED;a: p. 311 -312.</subfield>
  </datafield>
  <datafield tag="505" ind1="0" ind2=" ">
    <subfield code="t">Or&#xED;genes y nacimiento de la radio. Transistorizaci&#xF3;n. La radio es infinita. Repliegue y confirmaci&#xF3;n. Caracter&#xED;sticas. Or&#xED;genes --</subfield>
    <subfield code="t">Inicio de las telecomunicaciones en la RD. Inicio y desarrollo de la radio --</subfield>
    <subfield code="t">Uso de la radio por Trujillo. Radio HIX. La voz del Partido Dominicano. La voz del Yuna. La voz Dominicana --</subfield>
    <subfield code="t">La tiran&#xED;a de Trujillo en la cuerda floja: Expediciones armadas de exiliados en 1959. Conspiraciones, persecusiones, torturas y asesinatos. Reacci&#xF3;n de la iglesia cat&#xF3;lica. Atentado al presidente de Venezuela, R&#xF3;mulo Betancourt. La conferencia de cancilleres americanos --</subfield>
    <subfield code="t">En la antesala del terror oral: transmisiones de prueba de Radio Caribe. Inauguraci&#xF3;n de Radio Caribe. Su vinculaci&#xF3;n con la conferencia de cancilleres americanos --</subfield>
    <subfield code="t">De c&#xF3;mo surgi&#xF3; Radio Caribe. Ejecutivos y personal. --</subfield>
    <subfield code="t">La cadena presagiosa. El foro p&#xFA;blico, Radio Caribe. La Voz Dominicana --</subfield>
    <subfield code="t">Tensando las cuerdas de Radio caribe. Euclides Guti&#xE9;rrez F&#xE9;lix en zona de peligro. Los objetivos de Radio Caribe. Balaguer en la cuerda floja --</subfield>
    <subfield code="t">Programaci&#xF3;n de Radio Caribe. De lunes a domingo. Transmisi&#xF3;n en seis idiomas. Cultura. Programaci&#xF3;n especial de Semana Santa --</subfield>
    <subfield code="t">Prisi&#xF3;n, juicio y descargo de ejecutivo de Radio Caribe --</subfield>
    <subfield code="t">Radio Caribe en la carrera radioarmamentista internacional. Ap&#xF3;logo de Radio Caribe: Euclides Guti&#xE9;rrez F&#xE9;lix --</subfield>
    <subfield code="t">Santiago Lamela Geler: estrella de Radio Caribe, la locuci&#xF3;n y la agitaci&#xF3;n. Su secci&#xF3;n "II Nostro Osservatore, no romano, sino dominicano (un observatorio de Radio Caribe)" --</subfield>
    <subfield code="t">Incendio y destrucci&#xF3;n de Radio Caribe. &#xBF;Quienes la destruyeron?. &#xBF;Qui&#xE9;n dio la orden?. Simbolog&#xED;a de la destrucci&#xF3;n. Eclipse y desaparici&#xF3;n --</subfield>
    <subfield code="t">Los comentarios de Radio Caribe --</subfield>
    <subfield code="g">Bibliograf&#xED;a--</subfield>
    <subfield code="t">&#xCD;ndice onom&#xE1;stico</subfield>
  </datafield>
  <datafield tag="590" ind1=" " ind2=" ">
    <subfield code="a">Inventariado, 2018/VM</subfield>
  </datafield>
  <datafield tag="650" ind1=" " ind2="4">
    <subfield code="a">Radioemisoras</subfield>
    <subfield code="x">Historia</subfield>
    <subfield code="z">Rep&#xFA;blica Dominicana</subfield>
    <subfield code="9">34343</subfield>
  </datafield>
  <datafield tag="650" ind1=" " ind2="4">
    <subfield code="a">Pol&#xED;tica y medios de comunicaci&#xF3;n de masas</subfield>
    <subfield code="x">Historia</subfield>
    <subfield code="x">Rep&#xFA;blica dominicana</subfield>
    <subfield code="9">34344</subfield>
  </datafield>
  <datafield tag="710" ind1="0" ind2="2">
    <subfield code="a">Radio Caribe (Rep&#xFA;blica Dominicana)</subfield>
    <subfield code="9">34345</subfield>
  </datafield>
  <datafield tag="910" ind1=" " ind2=" ">
    <subfield code="a">Validado. Control de calidad EMS.</subfield>
  </datafield>
  <datafield tag="952" ind1=" " ind2=" ">
    <subfield code="0">0</subfield>
    <subfield code="1">0</subfield>
    <subfield code="5">4</subfield>
    <subfield code="7">0</subfield>
    <subfield code="8">DS</subfield>
    <subfield code="a">GR</subfield>
    <subfield code="b">GR</subfield>
    <subfield code="c">HD</subfield>
    <subfield code="d">2010-02-02</subfield>
    <subfield code="i">LF1</subfield>
    <subfield code="l">0</subfield>
    <subfield code="o">384.54065 C697r</subfield>
    <subfield code="p">15168-30</subfield>
    <subfield code="r">2020-06-25</subfield>
    <subfield code="t">e. 3</subfield>
    <subfield code="w">2020-06-25</subfield>
    <subfield code="y">LFDS</subfield>
    <subfield code="Z">Pr&#xE9;stamo en sala</subfield>
  </datafield>
  <datafield tag="952" ind1=" " ind2=" ">
    <subfield code="0">0</subfield>
    <subfield code="1">0</subfield>
    <subfield code="5">4</subfield>
    <subfield code="7">0</subfield>
    <subfield code="8">DS</subfield>
    <subfield code="a">GR</subfield>
    <subfield code="b">GR</subfield>
    <subfield code="c">HD</subfield>
    <subfield code="d">2010-02-02</subfield>
    <subfield code="i">LF1</subfield>
    <subfield code="l">0</subfield>
    <subfield code="o">384.54065 C697r</subfield>
    <subfield code="p">15168-40</subfield>
    <subfield code="r">2020-06-25</subfield>
    <subfield code="t">e. 4</subfield>
    <subfield code="w">2020-06-25</subfield>
    <subfield code="y">LFDS</subfield>
    <subfield code="Z">Pr&#xE9;stamo en sala</subfield>
  </datafield>
  <datafield tag="952" ind1=" " ind2=" ">
    <subfield code="0">0</subfield>
    <subfield code="1">0</subfield>
    <subfield code="5">4</subfield>
    <subfield code="7">0</subfield>
    <subfield code="8">DS</subfield>
    <subfield code="a">GR</subfield>
    <subfield code="b">GR</subfield>
    <subfield code="c">HD</subfield>
    <subfield code="d">2010-02-02</subfield>
    <subfield code="i">LF1</subfield>
    <subfield code="l">0</subfield>
    <subfield code="o">384.54065 C697r</subfield>
    <subfield code="p">15168-50</subfield>
    <subfield code="r">2020-06-25</subfield>
    <subfield code="t">e. 5</subfield>
    <subfield code="w">2020-06-25</subfield>
    <subfield code="y">LFDS</subfield>
    <subfield code="Z">Pr&#xE9;stamo en sala</subfield>
  </datafield>
  <datafield tag="952" ind1=" " ind2=" ">
    <subfield code="0">0</subfield>
    <subfield code="1">0</subfield>
    <subfield code="7">1</subfield>
    <subfield code="8">PD</subfield>
    <subfield code="a">PD</subfield>
    <subfield code="b">PD</subfield>
    <subfield code="c">HD</subfield>
    <subfield code="d">2010-02-02</subfield>
    <subfield code="i">LF1</subfield>
    <subfield code="l">0</subfield>
    <subfield code="o">384.54065 C697r</subfield>
    <subfield code="p">15168-10</subfield>
    <subfield code="r">2020-06-25</subfield>
    <subfield code="t">e. 2</subfield>
    <subfield code="w">2020-06-25</subfield>
    <subfield code="y">LFPD</subfield>
    <subfield code="Z">No se presta</subfield>
  </datafield>
  <datafield tag="952" ind1=" " ind2=" ">
    <subfield code="0">0</subfield>
    <subfield code="1">0</subfield>
    <subfield code="7">1</subfield>
    <subfield code="8">PD</subfield>
    <subfield code="a">PD</subfield>
    <subfield code="b">PD</subfield>
    <subfield code="c">HD</subfield>
    <subfield code="d">2010-02-02</subfield>
    <subfield code="i">LF1</subfield>
    <subfield code="l">0</subfield>
    <subfield code="o">384.54065 C697r</subfield>
    <subfield code="p">15168-20</subfield>
    <subfield code="r">2020-06-25</subfield>
    <subfield code="w">2020-06-25</subfield>
    <subfield code="y">LFPD</subfield>
    <subfield code="Z">No se presta</subfield>
  </datafield>
  <datafield tag="999" ind1=" " ind2=" ">
    <subfield code="c">14739</subfield>
    <subfield code="d">14739</subfield>
  </datafield>
</record>
